LEADER 01442nam a2200325 u 4500 001 000000004521 003 CaOOAMICUS 005 20070226104647.0 008 941103s1909 gw u000 u lat u 035 $a10119650 040 $aPUL(R)$bita 041 0 $alat$agrc 100 1 $aTambornino, Julius.$0(OLS)http://pul/name/4685 245 10$aDe antiquorum daemonismo /$cscripsit Julius Tambornino. 260 $aGiessen :$bA. Töpelmann,$c1909. 300 $a112 p. ;$c23 cm 490 1 $aReligionsgeschichtliche Versuche und Vorarbeiten ;$vBd. 7, Hft. 3 500 $a"Kap. II und III sind auch gesondert als Dissertation von Münster 1909 unter dem Titel De antiquorum daemonismo capita duo erschienen." 500 $aIncluded index. 504 $aIncluded bibliography. 650 0$aDemoniac possesion.$2//eng$0(OLS)http://pul/subject/3867 650 0$aOccult sciences.$2//eng$0(OLS)http://pul/subject/3868 650 0$aClassical literature$xSelections, extracts, etc.$2//eng$0(OLS)http://pul/subject/3869 830 0$aReligionsgeschichtliche Versuche und Vorarbeiten ;$vBd. 7, Hft. 3.$0(OLS)http://pul/title/6539 850 $aPUL 852 $aPUL$W1$xDP2 Religione 1$y63$m65 M 1$j6334$nBK-PRI$qStampati$B6334$CPULBib$Z2$F6334 $82 941 1 $a8 961 $aINV: 37129 996 $6245$aDe antiquorum daemonismo$9(OLS)http://pul/title/6538 996 $6260$aGiessen :$bA. Töpelmann$9(OLS)http://pul/publisher/50483 LEADER 02336nam a2200337 a 4500 001 000000114778 003 CaOOAMICUS 005 20090302125905.0 008 090302s1538 gw c u000 u lat r 026 $aI.a- eno-$boni. Ioom (3)$c 1537 (R) 035 $a10108705 040 $aPUL$bita$dila 100 0 $aDionysius Carthusianus,$dc. 1402-1471.$0(OLS)http://pul/name/4295 245 10$aD. Dionysii Carthusiani in VII epistolas canonicas Iacobi, Petri, Iohannis, Iudae, eiusdem Acta Apostolorum, Apocalypsim, Hymnos Ecclesiasticos ... 246 30$aIn VII epistolas canonicas ... 260 $aParisiis :$bapud Claudium Chevallonium,$c1537$esub Sole Aureo via ad D. Iacobum 300 $a[6], 170 c. ;$c2° (31 cm) 500 $aSegnatura: à6 a-z6 A-D6 E-F4 500 $aIniziali xil. 580 $aRilegato con: D. Dionysii Carthusiani In omnes beati Pauli epistolas commentaria, iam tertio, ex ipso originali, diligentissime recognita. Cui quidem Dionysio, in componendis, exponendisque sacrarum literarum libris, vix alter similis successit 662 $aFrancia$dParigi.$0(OLS)http://pul/subject/35022 710 0 $aChevallon, Claude$4pbl.$0(OLS)http://pul/name/70909 787 1 $aDionysius Carthusianus, c. 1402-1471.$tD. Dionysii Carthusiani In omnes beati Pauli epistolas commentaria, iam tertio, ex ipso originali, diligentissime recognita. Cui quidem Dionysio, in componendis, exponendisque sacrarum literarum libris, vix alter similis successit.$dColoniae : apud Petrum Quentell, 1538.$w()4162 850 $aPUL 852 $aPUL$W1$xDP1 Antico 500$y12$m2 E 15 int.2$j131302$qStampati Antico $B130277$CPULBib$Z2$F130277 $82 900 $aDionisio Cartusiano,$dc. 1402-1471$94295 900 $aDenis le Chartreux,$dc. 1402-1471$94295 961 $aPrecedenti collocazioni:12 F 7Stemma dell'ordine dei Gesuiti (JHS) sul dorsoStemma di Gregorio XIII sul dorso Rilegatura postuma in pergamena comune agli esemplari collocati da 2 E 7 a 2 E 18. 996 $6246$aIn VII epistolas canonicas ...$9(OLS)http://pul/title/144238 996 $6245$aD. Dionysii Carthusiani in VII epistolas canonicas Iacobi, Petri, Iohannis, Iudae, eiusdem Acta Apostolorum, Apocalypsim, Hymnos Ecclesiasticos ...$9(OLS)http://pul/title/144235 996 $6260$aParisiis :$bapud Claudium Chevallonium$9(OLS)http://pul/publisher/80146